| 000 | 00712nam a22002297a 4500 | ||
|---|---|---|---|
| 005 | 20170124105919.0 | ||
| 010 | _aB-217675 | ||
| 020 |
_c700.00 _a818858385503 |
||
| 035 | _aB-217675 | ||
| 037 | _bCen Lib/Ret | ||
| 040 |
_aDPL _bEN |
||
| 082 |
_a338.4791 _bAGA |
||
| 100 |
_aAgarwal, Prateek _93689 |
||
| 245 |
_aInternational tourism / _cby Prateek Agarwal |
||
| 260 |
_aNew Delhi _bReference Press _c2005 |
||
| 270 |
_a4831/24, Ansari Road, Dariya Ganj _bNew Delhi _e110002 |
||
| 300 |
_avii, 336p. _c24cm(Hb) |
||
| 500 | _aIncludes bibliographical reference | ||
| 650 |
_aTourism and hospitality _93690 |
||
| 650 |
_aGlobal tourist places _93691 |
||
| 942 |
_2ddc _cEN _h338.4791 _mAGA |
||
| 999 |
_c123020 _d123020 |
||